[Event "Druzynowe Mistrzostwa Polski Juniorow - Ekstraliga"]
[Site "Sypniewo k. Jastrowia"]
[Date "2024-06-17"]
[Round "6.17"]
[White "Natoli, Alessia"]
[Black "Szczotka, Klara"]
[Result "1/2-1/2"]
[WhiteTitle "k"]
[BlackTitle "k++"]
[WhiteElo "1923"]
[BlackElo "2006"]

1. e4 2. c6 3. d4 4. d5 5. Nc3 6. dxe4 7. Nxe4 8. Bf5 9. Qf3 10. Bxe4 11. Qxe4
12. Nf6 13. Qd3 14. e6 15. Nf3 16. Bd6 17. Be2 18. Nbd7 19. O-O 20. O-O 21. c4
22. Qc7 23. Bg5 24. Rad8 25. Rfd1 26. c5 27. h3 28. h6 29. Be3 30. b6 31. Rac1
32. Rfe8 33. Qb1 34. e5 35. dxe5 36. Nxe5 37. Nxe5 38. Bxe5 39. Bf3 40. Bd4 41.
Bxd4 42. cxd4 43. b3 44. Qf4 45. Qd3 46. Ne4 47. Bxe4 48. Rxe4 49. g3 50. Qe5
51. Kg2 52. f5 53. c5 54. bxc5 55. Qc4+ 56. Rd5 57. b4 58. d3 59. Qa6 60. d2 61.
Rxc5 62. Rxc5 63. bxc5 64. Qd5 65. Qd6 66. Qxd6 67. cxd6 68. Rd4 69. Kf3 70. Rxd6
71. Ke2 72. Kf7 1/2-1/2

[Event "Druzynowe Mistrzostwa Polski Juniorow - Ekstraliga"]
[Site "Sypniewo k. Jastrowia"]
[Date "2024-06-17"]
[Round "6.18"]
[White "Piekutowska, Lena"]
[Black "Ejsymont, Blanka"]
[Result "1/2-1/2"]
[WhiteTitle "I"]
[BlackTitle "WCM"]
[WhiteElo "1634"]
[BlackElo "1772"]

1. e4 2. c6 3. d4 4. d5 5. Nc3 6. dxe4 7. Nxe4 8. Nf6 9. Nxf6+ 10. exf6 11. c3
12. Bd6 13. Bd3 14. O-O 15. Ne2 16. Re8 17. O-O 18. Nd7 19. Ng3 20. Nf8 21. f4
22. g6 23. f5 24. Bxg3 25. hxg3 26. c5 27. Bc2 28. cxd4 29. cxd4 30. Qb6 31. b3
32. Bd7 33. Bb2 34. Rac8 35. Rc1 36. Qa6 37. a3 38. Qe2 39. fxg6 40. hxg6 41.
Rf2 42. Qe3 43. Qd3 44. Qg5 45. Qf3 46. Bf5 47. Qf4 48. Bxc2 49. Qxg5 50. fxg5
51. Rfxc2 52. Rxc2 53. Rxc2 54. Re3 55. Rc3 56. Re2 57. Bc1 58. Re1+ 59. Kf2 60.
Rd1 61. Bxg5 62. Rxd4 63. Be3 64. Rd1 65. Bxa7 66. Ne6 67. Be3 68. Ra1 69. a4
70. Ra2+ 71. Kf3 72. Rb2 73. Rd3 74. g5 75. g4 76. Kf8 77. g3 78. Ke7 79. Bb6
80. Rb1 81. Ke2 82. Rb2+ 83. Kd1 84. Ra2 85. Kc1 86. Re2 87. Be3 88. f6 89. Kb1
90. Rg2 91. b4 92. Ke8 93. Bb6 94. Ke7 95. b5 96. Re2 97. a5 98. Re4 99. Ka2 100.
Rb4 101. Rb3 102. Ra4+ 103. Ra3 104. Rb4 105. Rb3 106. Ra4+ 107. Kb2 108. Rxg4
109. Ka3 110. Nd4 111. Re3+ 112. Kf7 113. Bxd4 114. Rxd4 115. Rc3 116. Ke6 117.
Rb3 118. Kd7 119. Rf3 120. Rd6 121. Kb4 122. Kc7 123. Rc3+ 124. Kb8 125. b6 1/2-1/2

[Event "Druzynowe Mistrzostwa Polski Juniorow - Ekstraliga"]
[Site "Sypniewo k. Jastrowia"]
[Date "2024-06-17"]
[Round "6.19"]
[White "Raczek, Krzysztof"]
[Black "Meers, Hubert"]
[Result "1/2-1/2"]
[WhiteTitle "FM"]
[BlackTitle "k"]
[WhiteElo "2342"]
[BlackElo "2304"]

1. Nf3 2. f5 3. d3 4. Nf6 5. e4 6. d6 7. exf5 8. Bxf5 9. d4 10. e5 11. dxe5 12.
Qe7 13. Qe2 14. dxe5 15. Nxe5 16. Bxc2 17. Nc3 18. Nbd7 19. Nxd7 20. Qxe2+ 21.
Bxe2 22. Kxd7 23. Be3 24. c6 25. Rc1 26. Bf5 27. Rd1+ 28. Bd6 29. O-O 30. Ke7
31. Bc4 32. Rhd8 33. Rfe1 34. Kf8 35. h3 36. b6 37. a3 38. Be7 39. Rc1 40. Bd3
41. Bb3 42. Bg6 43. Ne2 44. c5 45. Nf4 46. Bf7 47. Ne6+ 48. Bxe6 49. Bxe6 50.
Nd5 51. Bd2 52. Bf6 53. Bxd5 54. Rxd5 55. Bc3 56. Re8 57. Kf1 Rxe1+ 58. Kxe1 59.
Kf7 60. Ke2 61. b5 62. a4 1/2-1/2

[Event "Druzynowe Mistrzostwa Polski Juniorow - Ekstraliga"]
[Site "Sypniewo k. Jastrowia"]
[Date "2024-06-17"]
[Round "6.20"]
[White "Zielonka, Adam"]
[Black "Warchol, Kamil"]
[Result "1-0"]
[WhiteTitle "k"]
[BlackTitle "FM"]
[WhiteElo "2175"]
[BlackElo "2164"]

1. e4 2. c5 3. Nf3 4. d6 5. Bb5+ 6. Nd7 7. O-O 8. a6 9. Bd3 10. e6 11. Re1 12.
g5 13. Kh1 14. g4 15. Ng1 16. h5 17. c3 18. Ngf6 19. Bc2 20. b5 21. a4 22. Bb7
23. d4 24. cxd4 25. cxd4 26. Rc8 27. axb5 28. axb5 29. Qe2 30. b4 31. d5 32. e5
33. Ba4 34. Be7 35. Bd2 36. Qb6 37. Be3 38. Qc7 39. Rc1 40. Qb8 41. Nd2 42. O-O
43. f3 44. Rxc1 45. Rxc1 46. Rc8 47. Rf1 48. Qc7 49. fxg4 50. hxg4 51. Bg5 52.
Nc5 53. Rxf6 54. Nxa4 55. Qxg4 56. Kf8 57. Bh6+ 58. Ke8 59. Qg8+ 60. Kd7 61. Qxf7
62. Re8 63. Rg6 64. Bc8 65. Bg5 66. Kd8 67. Rg7 1-0

[Event "Druzynowe Mistrzostwa Polski Juniorow - Ekstraliga"]
[Site "Sypniewo k. Jastrowia"]
[Date "2024-06-17"]
[Round "6.21"]
[White "Radzimski, Antoni"]
[Black "Kraczek, Cezary"]
[Result "1-0"]
[WhiteTitle "k"]
[BlackTitle "I+"]
[WhiteElo "2224"]
[BlackElo "2032"]

1. d4 2. Nf6 3. c4 4. c5 5. d5 6. e6 7. Nc3 8. exd5 9. cxd5 10. d6 11. Nf3 12.
g6 13. Bf4 14. a6 15. a4 16. Bg7 17. e3 18. O-O 19. h3 20. Qe7 21. Nd2 22. Nbd7
23. Be2 24. Rb8 25. O-O 26. Ne5 27. a5 28. Rd8 29. Bh2 30. Ne8 31. Qb3 32. Qc7
33. Qc2 34. f5 35. Rfe1 36. Qe7 37. f4 38. Nf7 39. Bd3 40. b5 41. axb6 42. Rxb6
43. Nc4 44. Rb8 45. Na5 46. Bb7 47. e4 48. fxe4 49. Bxe4 50. Qc7 51. f5 52. g5
53. Nc6 54. Bxc6 55. dxc6 56. Bd4+ 57. Kh1 58. Nf6 59. Nd5 60. Nxd5 61. Bxd5 62.
Kh8 63. Rad1 64. Ne5 65. f6 66. Rf8 67. Qf5 68. Ng6 69. f7 70. Kg7 71. Qxg5 72.
Qd8 73. Qxd8 74. Rbxd8 75. c7 76. Rd7 77. Re8 78. Rxc7 79. Bxd6 80. Rfxf7 81.
Bxf7 82. Rxf7 83. Re2 84. Rf6 85. Bg3 86. Rb6 87. Bf2 88. Rb4 89. Bxd4+ 90. cxd4
91. Red2 92. Ne5 93. Rxd4 94. Rxb2 95. Ra4 96. Rb6 97. Rda1 98. Rb2 99. Rxa6 100.
Ng6 101. Rd1 102. Rb7 103. Kh2 104. Rc7 105. Rd3 106. Rb7 107. g4 108. Ne5 109.
Re3 110. Ng6 111. Kg3 112. Rb1 113. Rc3 114. Rg1+ 115. Kh2 116. Rb1 117. g5 118.
Rb7 119. Rac6 120. Rb5 121. R6c5 122. Rb2+ 123. Kg3 124. Nf8 125. Rc7+ 126. Kg8
127. Rc8 128. Kg7 129. R3c7+ 130. Kg8 131. Ra8 132. Rb3+ 133. Kg4 134. Rb4+ 135.
Kh5 136. Rb3 137. h4 138. Rf3 139. Rcc8 140. Rf4 141. Rxf8+ 142. Rxf8 143. Rxf8+
144. Kxf8 145. Kh6 146. Kg8 147. h5 148. Kh8 149. g6 150. Kg8 151. g7 1-0

[Event "Druzynowe Mistrzostwa Polski Juniorow - Ekstraliga"]
[Site "Sypniewo k. Jastrowia"]
[Date "2024-06-17"]
[Round "6.22"]
[White "Korszanski, Stanislaw"]
[Black "Lecki, Leonard"]
[Result "1/2-1/2"]
[WhiteTitle "I+"]
[BlackTitle "k"]
[WhiteElo "1904"]
[BlackElo "2010"]

1. e4 2. c5 3. Nf3 4. e6 5. d4 6. cxd4 7. Nxd4 8. Nc6 9. Nc3 10. Qc7 11. f4 12.
a6 13. Nxc6 14. Qxc6 15. Bd3 16. b5 17. O-O 18. Bc5+ 19. Kh1 20. Bb7 21. Qe2 22.
b4 23. Nd5 24. Nf6 25. Nxf6+ 26. gxf6 27. f5 28. e5 29. Be3 30. Rg8 31. Bxc5 32.
Qxc5 33. a3 34. a5 35. axb4 36. axb4 37. Rxa8+ 38. Bxa8 39. Qh5 40. Rg5 41. Qxh7
42. Bc6 43. Qh3 44. Qd4 45. c3 46. bxc3 47. bxc3 48. Qxc3 49. Rb1 50. Ke7 51.
Qf3 52. Qd2 53. Bf1 54. Qa2 55. Bd3 56. Rg8 57. h3 58. Ra8 59. Rd1 60. Qb2 61.
Bc4 62. Ra1 63. Rxa1 64. Qxa1+ 65. Kh2 66. Qd4 67. Bd3 68. d5 69. exd5 70. Bxd5
71. Qg3 72. Qc3 73. h4 74. e4 75. Be2 76. e3 77. h5 78. Be4 79. Qf4 80. Qe5 81.
Qxe5+ 82. fxe5 83. g4 1/2-1/2

[Event "Druzynowe Mistrzostwa Polski Juniorow - Ekstraliga"]
[Site "Sypniewo k. Jastrowia"]
[Date "2024-06-17"]
[Round "6.23"]
[White "Gaszka, Zuzanna"]
[Black "Zabrzanska, Weronika"]
[Result "0-1"]
[WhiteTitle "k"]
[BlackTitle "WFM"]
[WhiteElo "1901"]
[BlackElo "1986"]

1. e4 2. e5 3. Nf3 4. Nc6 5. Bc4 6. Bc5 7. c3 8. Nf6 9. d3 10. O-O 11. O-O 12.
d5 13. exd5 14. Nxd5 15. Re1 16. Bg4 17. h3 18. Bh5 19. a4 20. a6 21. a5 22. Re8
23. Nbd2 24. Rb8 25. Ne4 26. Bf8 27. Ng3 28. Bg6 29. h4 30. f6 31. h5 32. Bf7
33. Nh4 34. Qd7 35. Qf3 36. Rbd8 37. Nhf5 38. Nce7 39. Nxe7+ Rxe7 40. h6 41. Bg6
42. Nh5 43. Kh8 44. b3 45. Bxh5 46. Qxh5 47. gxh6 48. d4 49. exd4 50. Rxe7 51.
Nxe7 52. Bxh6 53. dxc3 54. Qh4 55. Bxh6 56. Qxh6 57. Ng6 58. Re1 59. c2 60. Qc1
61. Qd1 62. Be2 63. Qxc1 64. Rxc1 65. Rd2 66. Kf1 67. Nf4 0-1

[Event "Druzynowe Mistrzostwa Polski Juniorow - Ekstraliga"]
[Site "Sypniewo k. Jastrowia"]
[Date "2024-06-17"]
[Round "6.24"]
[White "Polakiewicz, Blanka"]
[Black "Figa, Karolina"]
[Result "1-0"]
[WhiteTitle "I+"]
[BlackTitle "I++"]
[WhiteElo "1632"]
[BlackElo "1760"]

1. e4 2. e5 3. Nf3 4. Nc6 5. d4 6. exd4 7. Nxd4 8. Qf6 9. Be3 10. Bc5 11. c3 12.
Nge7 13. Be2 14. O-O 15. O-O 16. Bb6 17. Qd2 18. d6 19. f4 20. Ng6 21. f5 22.
Nge7 23. Kh1 24. Nxd4 25. cxd4 26. Nc6 27. Rd1 28. d5 29. exd5 30. Ba5 31. Nc3
32. Nb4 33. a3 34. Na6 35. Rf1 36. Nb8 37. Bg5 38. Qd6 39. b4 40. Bb6 41. f6 42.
Nd7 43. fxg7 44. Kxg7 45. Bg4 46. h6 47. Ne4 48. Qxd5 49. Bxh6+ 50. Kh8 51. Bxf8
52. Qxe4 53. Rxf7 54. Nxf8 55. Qh6+ 56. Kg8 57. Qg7# 1-0

[Event "Druzynowe Mistrzostwa Polski Juniorow - Ekstraliga"]
[Site "Sypniewo k. Jastrowia"]
[Date "2024-06-17"]
[Round "6.25"]
[White "Ugorek, Kacper"]
[Black "Janeczko, Jakub"]
[Result "1-0"]
[WhiteTitle "k"]
[BlackTitle "m"]
[WhiteElo "2185"]
[BlackElo "2293"]

1. e4 2. c5 3. Nf3 4. d6 5. d4 6. cxd4 7. Nxd4 8. Nf6 9. Nc3 10. a6 11. h3 12.
e5 13. Nde2 14. h5 15. g3 16. Nbd7 17. a4 18. Qc7 19. Bg2 20. b6 21. O-O 22. Bb7
23. Bg5 24. Rc8 25. Qd2 26. Qc4 27. b3 28. Qb4 29. Rfd1 30. Be7 31. Rac1 32. Kf8
33. h4 34. Rc7 35. f3 36. g6 37. Bh3 38. Kg7 39. Kg2 40. d5 41. Nxd5 42. Nxd5
43. exd5 44. e4 45. Qxb4 46. exf3+ 47. Kxf3 48. Ne5+ 49. Kf2 50. Bxb4 51. Bf4
52. Bd6 53. c4 54. Re8 55. Be3 56. Bc5 57. Bxc5 58. bxc5 59. d6 60. Rc6 61. a5
62. Rd8 63. Bg2 64. Rcxd6 65. Rxd6 66. Rxd6 67. Bxb7 68. Nd3+ 69. Ke3 70. Nxc1
71. Nxc1 72. Rd7 73. Bd5 74. Kf6 75. Nd3 76. Rc7 77. b4 78. cxb4 79. Nxb4 80.
Kf5 81. Kd4 82. Kg4 83. c5 84. Kxg3 85. c6 86. Kxh4 87. Nxa6 88. Rc8 89. c7 90.
f5 91. Bb7 92. Rxc7 93. Nxc7 94. f4 95. a6 96. g5 97. a7 98. g4 99. a8=Q 100.
f3 101. Bxf3 102. gxf3 103. Qxf3 104. Kg5 105. Ne6+ 106. Kh4 107. Nf4 108. Kg5
109. Qxh5+ 110. Kf6 111. Kd5 112. Kg7 113. Ke6 114. Kg8 115. Kf6 116. Kf8 117.
Qf7# 1-0

[Event "Druzynowe Mistrzostwa Polski Juniorow - Ekstraliga"]
[Site "Sypniewo k. Jastrowia"]
[Date "2024-06-17"]
[Round "6.26"]
[White "Pancewicz, Szymon"]
[Black "Jedraszek, Pawel"]
[Result "1/2-1/2"]
[WhiteTitle "I++"]
[BlackTitle "k"]
[WhiteElo "2077"]
[BlackElo "2155"]

1. d4 2. Nf6 3. c4 4. e6 5. Nc3 6. d5 7. cxd5 8. exd5 9. Bg5 10. c6 11. e3 12.
Be6 13. Bd3 14. Nbd7 15. Nge2 16. h6 17. Bh4 18. g5 19. Bg3 20. Nh5 21. f3 22.
Nxg3 23. Nxg3 24. Nb6 25. Qc2 26. Qf6 27. O-O-O 28. O-O-O 29. Nf5 30. Kb8 31.
g4 32. Bxf5 33. Bxf5 34. Bd6 35. Kb1 36. Bc7 37. Qf2 38. h5 39. h3 40. hxg4 41.
fxg4 42. Nc4 43. e4 44. dxe4 45. Nxe4 46. Qg7 47. Rd3 48. Nd6 49. Nxd6 50. Rxd6
51. Rhd1 52. Rhd8 53. Be4 54. Bb6 55. Qg3 56. Bc7 57. Qf2 58. Bb6 59. Qg3 60.
Bc7 61. Qf2 1/2-1/2

[Event "Druzynowe Mistrzostwa Polski Juniorow - Ekstraliga"]
[Site "Sypniewo k. Jastrowia"]
[Date "2024-06-17"]
[Round "6.27"]
[White "Goralski, Mateusz"]
[Black "Suska, Szymon"]
[Result "0-1"]
[WhiteTitle "II"]
[BlackTitle "I++"]
[WhiteElo "1690"]
[BlackElo "2011"]

1. Nf3 2. Nf6 3. b3 4. g6 5. Bb2 6. Bg7 7. e3 8. O-O 9. d4 10. c5 11. Be2 12. d5
13. O-O 14. Nc6 15. a3 16. cxd4 17. Nxd4 18. Nxd4 19. Bxd4 20. Qc7 21. Nd2 22.
e5 23. Bb2 24. Rd8 25. Rc1 26. Bf5 27. Nf3 28. Ne4 29. Qe1 30. Nc5 31. Nh4 32.
Be6 33. f4 34. f5 35. Nf3 36. d4 37. fxe5 38. dxe3 39. Ba1 40. Ne4 41. Qh4 42.
Qb6 43. Rfd1 44. h6 45. Bd4 46. Qc7 47. c4 48. g5 49. Qe1 50. Nf2 51. Qc3 52.
Nxd1 53. Rxd1 54. f4 55. h3 56. Rd7 57. Qc2 58. Qc6 59. b4 60. a6 61. Bd3 62.
Rad8 63. Be2 64. Bf7 65. c5 66. Bd5 67. Bc4 68. Qe6 69. Rc1 70. Bxc4 71. Qxc4
72. Qxc4 73. Rxc4 Kf7 74. a4 75. Ke6 76. b5 77. axb5 78. axb5 79. Kd5 80. Rc1
81. Rc8 82. Kf1 83. Bf8 84. Rd1 85. Ke6 86. Rc1 87. Rdc7 88. c6 89. bxc6 90. b6
91. Rb7 92. Bc5 93. Bxc5 94. Rxc5 95. Rxb6 96. Nd4+ 97. Kd7 98. Ra5 99. Rb7 100.
e6+ 101. Kd6 0-1

[Event "Druzynowe Mistrzostwa Polski Juniorow - Ekstraliga"]
[Site "Sypniewo k. Jastrowia"]
[Date "2024-06-17"]
[Round "6.28"]
[White "Iwan, Patryk"]
[Black "Gora, Antoni"]
[Result "1-0"]
[WhiteTitle "I"]
[BlackTitle "II"]
[WhiteElo "1808"]
[BlackElo "1733"]

1. e4 2. c5 3. Nf3 4. Nc6 5. d4 6. cxd4 7. Nxd4 8. Qb6 9. Nb3 10. Nf6 11. Nc3 12.
e6 13. Be3 14. Qc7 15. f4 16. d6 17. Be2 18. a6 19. O-O 20. b5 21. Bf3 22. Bb7
23. Ne2 24. Be7 25. g4 26. h6 27. Ng3 28. Rd8 29. c3 30. Na5 31. Nxa5 32. Qxa5
33. Qd2 34. Nd7 35. Qd4 36. e5 37. Qd2 38. Qc7 39. f5 40. Nb6 41. b3 42. d5 43.
Qf2 44. d4 45. cxd4 46. exd4 47. Bd2 48. O-O 49. Rac1 50. Qe5 51. Nh5 52. Bg5
53. h4 54. Bxd2 55. Qxd2 Rfe8 56. f6 57. g5 58. Bg2 59. Bxe4 60. Rce1 61. Qd5
62. Rf5 63. Bxg2 64. Rxe8+ 65. Rxe8 66. Rxd5 67. Bxd5 68. Qxd4 69. Re6 70. Ng7
71. Rc6 72. Nf5 Rc1+ 73. Kf2 74. Rc2+ 75. Ke1 1-0

[Event "Druzynowe Mistrzostwa Polski Juniorow - Ekstraliga"]
[Site "Sypniewo k. Jastrowia"]
[Date "2024-06-17"]
[Round "6.29"]
[White "Uliasz, Katarzyna"]
[Black "Matskevich, Varvara"]
[Result "1-0"]
[WhiteTitle "I++"]
[BlackTitle "k"]
[WhiteElo "1762"]
[BlackElo "1949"]

1. e4 2. c5 3. Nf3 4. d6 5. d4 6. cxd4 7. Nxd4 8. Nf6 9. Nc3 10. a6 11. Rg1 12.
e5 13. Nb3 14. Be6 15. g4 16. Nc6 17. g5 18. Nd7 19. Be3 20. b5 21. a4 22. b4
23. Nd5 24. Nc5 25. Nxc5 26. dxc5 27. Qd2 28. Bxd5 29. exd5 30. Na5 31. b3 32.
Bd6 33. Rg4 34. Qd7 35. h3 36. O-O 37. O-O-O 38. Rfc8 39. Bc4 40. Qf5 41. Qe2
42. e4 43. Kb1 44. Rc7 45. Ka2 46. Re8 47. Bxa6 48. Rce7 49. Qb5 50. Qe5 51. Bf4
52. Qc3 53. Qe2 54. Bxf4 55. Rxf4 56. Qe5 57. d6 58. Re6 59. Rg4 60. Rd8 61. d7
62. Nc6 63. Bc4 64. Nd4 65. Rxd4 66. cxd4 67. Bxe6 68. Qxe6 69. Rxe4 70. Qxd7
71. Re7 72. Qc6 73. Qe4 74. Qc8 75. Qd3 76. Qc5 77. Qe2 78. Kf8 79. Re5 80. Qc3
81. Qd3 82. g6 83. Qxc3 84. bxc3 85. a5 86. f6 87. gxf6 88. Kf7 89. b4 90. Kxf6
91. Re2 92. Kf5 93. Kb3 94. Kf4 95. Kc4 96. Kf3 97. Kd3 98. Rb8 99. Re4 100. Rxb4
101. Rxd4 102. Rb5 103. Ra4 104. Kxf2 105. a6 106. Rb8 107. h4 108. Kf3 109. Kxc3
110. h6 111. Kd4 112. g5 113. hxg5 114. hxg5 115. a7 116. Ra8 117. Kc5 118. g4
119. Kb6 120. g3 121. Kb7 122. g2 123. Ra1 124. Rg8 125. a8=Q 126. Rxa8 127. Kxa8
128. Kf2 129. c4 1-0

[Event "Druzynowe Mistrzostwa Polski Juniorow - Ekstraliga"]
[Site "Sypniewo k. Jastrowia"]
[Date "2024-06-17"]
[Round "6.30"]
[White "Malicka, Magdalena"]
[Black "Skorupa, Antonina"]
[Result "1-0"]
[WhiteTitle "I++"]
[BlackTitle "I"]
[WhiteElo "1729"]
[BlackElo "1619"]

1. d4 2. d5 3. Nc3 4. e6 5. Bf4 6. a6 7. e3 8. Nf6 9. g4 10. h6 11. h3 12. Bd6
13. Bd3 14. Bxf4 15. exf4 16. Nbd7 17. Nf3 18. c5 19. dxc5 20. Nxc5 21. Qe2 22.
Qb6 23. O-O-O 24. Qb4 25. f5 26. d4 27. Nxd4 28. O-O 29. fxe6 30. Nxe6 31. Nxe6
32. Bxe6 33. Ne4 34. Nd5 35. a3 36. Qa5 37. Qd2 38. Qc7 39. g5 40. hxg5 41. Qxg5
42. Qf4+ 43. Kb1 44. f5 45. Rhg1 46. Rf7 47. Nf6+ 48. Kf8 49. Nxd5 50. Qxg5 51.
Rxg5 52. Bxd5 53. Rxf5 54. Be6 55. Rxf7+ 56. Kxf7 57. Be4 58. Rb8 59. h4 60. b5
61. Bd5 62. Rh8 63. Bxe6+ 64. Kxe6 65. Rd4 66. a5 67. Rg4 68. Kf6 69. Kc1 70.
Rb8 71. Rg5 72. a4 73. Rg4 74. Rd8 75. b3 76. Ra8 77. bxa4 78. bxa4 79. Kb2 80.
Rb8+ 81. Rb4 82. Ra8 83. Rb5 84. Kg6 85. f4 86. Rc8 87. Rb4 88. Ra8 89. c4 90.
Kh5 91. c5 92. Kxh4 93. c6 94. g5 95. fxg5+ 96. Kxg5 97. Kc3 98. Kf6 99. Kc4 100.
Ke7 101. Kc5 102. Kd8 103. Kd6 104. Kc8 105. Rh4 106. Kb8 107. Rh8+ 108. Ka7 109.
Rxa8+ 110. Kxa8 111. Kd7 112. Kb8 113. c7+ 114. Ka7 115. c8=Q 116. Kb6 117. Qc6+
118. Ka5 119. Qc5+ 120. Ka6 121. Qb4 122. Ka7 123. Kc7 124. Ka8 125. Qa5# 1-0

[Event "Druzynowe Mistrzostwa Polski Juniorow - Ekstraliga"]
[Site "Sypniewo k. Jastrowia"]
[Date "2024-06-17"]
[Round "7.1"]
[White "Janeczko, Jakub"]
[Black "Rog, Bartlomiej"]
[Result "0-1"]
[WhiteTitle "m"]
[BlackTitle "k"]
[WhiteElo "2293"]
[BlackElo "2179"]

1. d4 2. Nf6 3. c4 4. d6 5. Nf3 6. Bg4 7. Nc3 8. Nc6 9. d5 10. Bxf3 11. exf3 12.
Ne5 13. f4 14. Ned7 15. g4 16. h6 17. Bg2 18. g6 19. O-O 20. Bg7 21. h3 22. O-O
23. Qc2 24. c6 25. g5 26. hxg5 27. fxg5 28. Ne8 29. h4 30. cxd5 31. Nxd5 32. Rc8
33. h5 34. gxh5 35. Qe4 36. Ne5 37. f4 38. e6 39. fxe5 40. exd5 41. Qf5 42. Rxc4
43. e6 44. Qb6+ 45. Kh2 46. Be5+ 47. Kh3 48. Qb4 49. exf7+ 50. Kh8 51. Bxd5 52.
Rh4+ 53. Kg2 54. Rh2+ 55. Kf3 56. Qh4 57. Bf4 58. Ng7 59. Bxe5 60. dxe5 0-1

[Event "Druzynowe Mistrzostwa Polski Juniorow - Ekstraliga"]
[Site "Sypniewo k. Jastrowia"]
[Date "2024-06-17"]
[Round "7.2"]
[White "Jablonski, Wojciech"]
[Black "Zdybel, Przemyslaw"]
[Result "0-1"]
[WhiteTitle "I"]
[BlackTitle "FM"]
[WhiteElo "1960"]
[BlackElo "2269"]

1. d4 2. Nf6 3. c4 4. g6 5. Nf3 6. Bg7 7. g3 8. O-O 9. Bg2 10. d6 11. O-O 12. Nc6
13. d5 14. Na5 15. Nfd2 16. c5 17. Nc3 18. e6 19. Rb1 20. Rb8 21. b3 22. exd5
23. cxd5 24. Re8 25. a4 26. Bd7 27. b4 28. cxb4 29. Rxb4 30. b6 31. Nde4 32. Nxe4
33. Nxe4 34. Bf5 35. Bg5 36. f6 37. Bf4 38. Bxe4 39. Bxe4 40. Nb7 41. Bf3 42.
f5 43. Be3 44. Nc5 45. Bd4 46. Qd7 47. h4 48. a5 49. Rc4 50. b5 51. axb5 52. Qxb5
53. Rc2 54. Bxd4 55. Qxd4 56. Re5 57. Qf4 58. Qe8 59. h5 60. Kg7 61. hxg6 62.
hxg6 63. Ra1 64. Rb4 65. Rc4 66. Rxc4 67. Qxc4 68. Qd8 69. Rb1 70. Re8 71. Qc3+
72. Kf7 73. Kg2 74. Rg8 75. Rh1 76. Rg7 77. g4 78. a4 79. gxf5 80. gxf5+ 81. Kf1
82. Qf6 83. Qc1 84. Kg8 85. Rg1 86. Rxg1+ 87. Kxg1 88. Kg7 89. Kf1 90. Kg6 91.
Qa3 92. Qd4 93. Kg2 94. Kf7 95. Bh5+ 96. Ke7 97. Bf3 98. Kd8 99. Kg3 100. Kc7
101. e3 102. Qd2 103. Qa1 104. Nd3 105. Qg7+ 106. Kb6 107. Qd4+ 108. Kb5 109.
Kh4 110. Qb4 0-1

[Event "Druzynowe Mistrzostwa Polski Juniorow - Ekstraliga"]
[Site "Sypniewo k. Jastrowia"]
[Date "2024-06-17"]
[Round "7.3"]
[White "Suska, Szymon"]
[Black "Rozanski, Mateusz"]
[Result "1/2-1/2"]
[WhiteTitle "I++"]
[BlackTitle "I+"]
[WhiteElo "2011"]
[BlackElo "2024"]

1. Nf3 2. d5 3. g3 4. c6 5. Bg2 6. Nf6 7. d3 8. Bg4 9. O-O 10. Nbd7 11. Bf4 12.
e6 13. c4 14. Be7 15. cxd5 16. exd5 17. Nc3 18. Nc5 19. Be5 20. O-O 21. d4 22.
Ne6 23. h3 24. Bh5 25. g4 26. Bg6 27. e3 28. Ne4 29. Nd2 30. f5 31. gxf5 32. Nxc3
33. bxc3 34. Bxf5 35. f4 36. Bd3 37. Qg4 38. Bf5 39. Qe2 40. Bf6 41. e4 42. dxe4
43. Nxe4 44. Bxe5 45. fxe5 46. Qh4 47. Nf6+ 48. gxf6 49. Rxf5 50. fxe5 51. Rxe5
52. Nf4 53. Qg4+ 54. Qxg4 55. hxg4 56. Ng6 57. Re4 58. Rf4 59. Rxf4 60. Nxf4 61.
Re1 62. Rf8 63. Re7 64. Rf7 65. Re5 66. Kg7 67. Kh2 68. Ng6 69. Re2 70. Nf4 71.
Re5 72. Ng6 73. Re2 74. Kh6 75. Kg3 76. Kg5 77. Bf3 78. h6 1/2-1/2

[Event "Druzynowe Mistrzostwa Polski Juniorow - Ekstraliga"]
[Site "Sypniewo k. Jastrowia"]
[Date "2024-06-17"]
[Round "7.4"]
[White "Koch, Maciej"]
[Black "Iwan, Patryk"]
[Result "0-1"]
[WhiteTitle "II"]
[BlackTitle "I"]
[WhiteElo "1630"]
[BlackElo "1808"]

1. e4 2. c5 3. Nf3 4. d6 5. d4 6. cxd4 7. Nxd4 8. Nf6 9. Nc3 10. a6 11. Be3 12.
e5 13. Nb3 14. Be7 15. f3 16. h5 17. Qd2 18. Be6 19. Nd5 20. Nxd5 21. exd5 22.
Bf5 23. c4 24. b6 25. Be2 26. Nd7 27. O-O 28. Nc5 29. Nxc5 30. bxc5 31. a3 32.
a5 33. b4 34. axb4 35. axb4 36. cxb4 37. Qxb4 38. O-O 39. c5 40. Rb8 41. Qc4 42.
dxc5 43. Bxc5 44. Rc8 45. Bxe7 46. Qb6+ 47. Kh1 48. Rxc4 49. Bxc4 50. Rc8 51.
Rac1 52. Qb2 53. d6 54. h4 55. g4 56. h3 57. Rg1 58. Bxg4 0-1

[Event "Druzynowe Mistrzostwa Polski Juniorow - Ekstraliga"]
[Site "Sypniewo k. Jastrowia"]
[Date "2024-06-17"]
[Round "7.5"]
[White "Matskevich, Varvara"]
[Black "Siekanska, Maria"]
[Result "1-0"]
[WhiteTitle "k"]
[BlackTitle "WFM"]
[WhiteElo "1949"]
[BlackElo "2204"]

1. e4 2. e5 3. Nf3 4. Nc6 5. Bb5 6. a6 7. Ba4 8. Nf6 9. d3 10. Bc5 11. O-O 12.
b5 13. Bb3 14. h6 15. c3 16. d6 17. Nbd2 18. O-O 19. h3 20. Bb6 21. Re1 22. Re8
23. Nf1 24. d5 25. Qe2 26. Be6 27. Ng3 28. d4 29. Bc2 30. Qd7 31. a4 32. dxc3
33. bxc3 34. b4 35. a5 36. Bc5 37. Ba4 38. Qd6 39. Bxc6 40. Qxc6 41. Nxe5 42.
Qd6 43. Nf3 44. Qxg3 45. d4 46. Qd6 47. e5 48. Qc6 49. exf6 50. Bg4 51. Ne5 52.
Bxe2 53. Nxc6 54. Bd6 55. Nxb4 56. c5 57. Nd5 58. cxd4 59. cxd4 60. Bc4 61. Ne7+
62. Kh7 63. Bd2 64. gxf6 65. Nf5 66. Bf8 67. Ne3 68. Bd3 69. Nd5 70. Kg7 71. Re3
72. Rxe3 73. fxe3 74. Rb8 75. Nb6 76. f5 77. Rc1 78. Rd8 79. Kf2 80. Be7 81. g4
82. Bh4+ 83. Kf3 84. Be4+ 85. Kf4 86. Bg5+ 87. Kg3 88. fxg4 89. hxg4 90. h5 91.
gxh5 92. Kh6 93. Rc7 94. Rg8 95. Rc8 96. Bd8+ 97. Kf4 98. Bb7 99. Rc4 100. Kxh5
101. Ke5 102. Rg4 103. Kd6 104. f5 105. Kd7 106. Bh4 107. Ke6 108. Be4 109. d5
110. Rg6+ 111. Kd7 112. Bd3 113. Rc5 114. Bb5+ 115. Rxb5 116. axb5 117. d6 118.
Rg1 119. Kc6 120. Rd1 121. Bb4 122. Bg5 123. Nd5 124. Bxe3 125. Nxe3 126. Rc1+
127. Bc5 128. f4 129. d7 130. fxe3 131. d8=Q 132. e2 133. Qe8+ 1-0